Lester Horton. Technique. The warm-up 1990.

Bibliographic Details
Format: DVD
Language:English
Subjects:

MARC

LEADER 00000cgm a2200000 a 4500
001 030703
003 UAHC_CL
005 20190531160233.0
008 070302b xx j 000 1 eng
952 |0 0  |1 0  |4 0  |6 DVD_43  |7 0  |8 COMP  |9 60062  |a BS  |b BS  |c Referencia  |d 2017-08-03  |l 0  |o DVD-43  |p 1356692  |r 2022-01-17 00:00:00  |t c.1  |w 2017-08-03  |y DVD 
952 |0 0  |1 0  |4 0  |6 DVD_43  |7 0  |8 COMP  |9 60063  |a BS  |b BS  |c Referencia  |d 2017-08-03  |l 0  |o DVD-43  |p 1361123  |r 2022-01-17 00:00:00  |t c.2  |w 2017-08-03  |y DVD 
952 |0 0  |1 0  |4 0  |6 DVD_43  |7 0  |8 COMP  |9 60064  |a BS  |b BS  |c Referencia  |d 2017-08-03  |l 0  |o DVD-43  |p 1361154  |r 2022-01-17 00:00:00  |t c.3  |w 2017-08-03  |y DVD 
999 |c 30703  |d 30703 
040 |a UAHC_CL  |c UAHC_CL  |d UAHC_CL 
245 1 0 |a Lester Horton. Technique. The warm-up 1990. 
300 |a 1 videodisco  |c (49 min.) 
650 0 |9 3902  |a Danza 
900 |a DVD-43 
942 |c DVD